| 000 | 00492nam a2200157Ia 4500 | ||
|---|---|---|---|
| 999 |
_c18859 _d18859 |
||
| 082 | _a382.50954 PAT-Q SL1 | ||
| 100 | _aPatel, Sharadchandra K; | ||
| 245 | 0 | _aQuarterly econometric analysis of imports in India | |
| 260 |
_aDelhi _bHindustan Publishing Corporation _c1981 |
||
| 300 | _axv, 218p. | ||
| 504 | _aIncludes appendix and index | ||
| 650 | _aInternational trade - Econometric models | ||
| 650 | _aEconometrics | ||
| 650 | _aImports - Econometric models - India | ||
| 942 | _cBK | ||